| 000 | 01305cam a22003495a 4500 | ||
|---|---|---|---|
| 001 | 16866201 | ||
| 005 | 20151026123625.0 | ||
| 008 | 110712r20132011enka frb 001 0 eng d | ||
| 010 | _a 2011290091 | ||
| 020 | _a9780470687253 (pbk.) | ||
| 035 | _a(OCoLC)ocn656770663 | ||
| 040 |
_aUKM _beng _cUKM _dYDXCP _dBWX _dMIA _dCDX _dDLC _dEG-ScBUE |
||
| 082 | 0 | 4 |
_a332.1 _bCHO _222 |
| 100 | 1 |
_aChoudhry, Moorad. _938547 |
|
| 245 | 1 | 3 |
_aAn introduction to banking : _bliquidity risk and asset-liability management / _cMoorad Choudhry ; foreword by Oldrich Masek. |
| 250 | _a1st ed., Reprinted ed. | ||
| 260 |
_aChichester : _bJohn Wiley & Sons Ltd., _c2013. |
||
| 300 |
_axxi, 357 p. : _bill. ; _c23 cm. |
||
| 500 | _aPublished in association with Chartered Institute for Securities & Investment. | ||
| 500 | _aIndex : p. 343-357. | ||
| 500 | _aReprint of the 2011 ed. | ||
| 504 | _aIncludes bibliographical references. | ||
| 650 | 0 |
_aBanks and banking. _2BUEsh |
|
| 650 | 0 |
_aBank liquidity _xManagement. _2BUEsh |
|
| 650 | 0 |
_aAsset-liability management. _2BUEsh |
|
| 651 | _2BUEsh | ||
| 653 |
_bBUSADM _cOctober2015 |
||
| 655 |
_vText book _933728 |
||
| 700 | 1 |
_aMasek, Oldrich, _eauthor of introduction, etc. |
|
| 710 | 2 | _aChartered Institute for Securities & Investment. | |
| 942 |
_2ddc _k332.1 CHO |
||
| 999 |
_c20946 _d20918 |
||